000 00771nam a2200241Ia 4500
003 OSt
005 20220926001335.0
006 a|||||r|||| 00| 0
007 ta
008 220923b |||||||| |||| 00| 0 eng d
037 _cGeneral Book
040 _aRTL
_cRTL
_beng
041 _2eng
_aeng
082 _aX71:8F.2.N79<N78t, L9/GD
110 _aINDIA, COMMUNICATIONS (Ministry of-)
_9262500
245 0 _aPublic accounts committee 1978-79
_b One hundred and fifth report.
260 _a New Delhi
_bLok Sabha secretariat
_c1979
300 _av,158p.
_ccm.
500 _aAppendix :149-158p.
700 _aINDIA, COMMUNICATIONS (Ministry of-)
_9262501
942 _hX71:8F.2.N79<N78t, L9/GD
_cGB
_2CC
999 _c601359
_d601359